Sistema perfecto duodecimal de medidas lineales deducidas de la magnitud del globo terrestre, y legales donde sean legales las decimales francesas / (Record no. 162717)

MARC details
000 -LEADER
campo de control de longitud fija 00898nam a22001935i 4500
001 - NÚMERO DE CONTROL
campo de control 162717
003 - IDENTIFICADOR DE NÚMERO DE CONTROL
campo de control ES-MaACL
005 - FECHA Y HORA DE LA ÚLTIMA TRANSACCIÓN
campo de control 20230906212603.0
008 - DATOS DE LONGITUD FIJA--INFORMACIÓN GENERAL
campo de control de longitud fija 990302s1871 sp |||| | spa d
080 ## - NÚMERO DE LA CLASIFICACIÓN DECIMAL UNIVERSAL
Número de la Clasificación Decimal Universal 006.91
100 1# - ENTRADA PRINCIPAL--NOMBRE DE PERSONA
Nombre de persona Pujals de la Bastida, Vicente.
9 (RLIN) 176379
245 10 - MENCIÓN DEL TÍTULO
Título Sistema perfecto duodecimal de medidas lineales deducidas de la magnitud del globo terrestre, y legales donde sean legales las decimales francesas /
Mención de responsabilidad, etc. por Vicente Puyals de la Bastida.
260 ## - PUBLICACIÓN, DISTRIBUCIÓN, ETC.
Lugar de publicación, distribución, etc. Madrid :
Nombre del editor, distribuidor, etc. [s.n.],
Fecha de publicación, distribución, etc. 1871 (
Fabricante Tip. de Gregorio Estrada)
300 ## - DESCRIPCIÓN FÍSICA
Extensión 14 p. ;
Dimensiones 17 cm.
530 ## - NOTA DISPONIBLE DE FORMULARIO FÍSICO ADICIONAL
Nota de formato físico adicional disponible Disponible en formato digital.
650 #4 - PUNTO DE ACCESO ADICIONAL DE MATERIA--TÉRMINO DE MATERIA
Término de materia o nombre geográfico como elemento de entrada Sistema duodecimal.
9 (RLIN) 150806
852 4# - LOCALIZACIÓN
Ubicación ES-MaACL
Número de control de estantería T-149-F-1
Nota libre - Enc. hol., falto de cub. original
-- - Enc. en un vol. facticio
-- - Dedicatoria autógrafa del autor
856 4# - LOCALIZACIÓN Y ACCESO ELECTRÓNICOS
Identificador Uniforme de Recursos <a href="http://bdh-rd.bne.es/viewer.vm?id=0000040535&page=1 ">http://bdh-rd.bne.es/viewer.vm?id=0000040535&page=1 </a>
Nota pública Biblioteca Digital Hispánica
Holdings
Estatus retirado Estado de pérdida Estado de daño No para préstamo Colección Biblioteca de origen Biblioteca actual Ubicación en estantería Fecha de adquisición Total de préstamos Signatura topográfica completa Código de barras Visto por última vez Precio de reemplazo Tipo de ítem Koha
        Colección de folletos Biblioteca del Ateneo de Madrid Biblioteca del Ateneo de Madrid Depósito 17/01/2008   T-149-F-1 1170475 23/02/2023 23/02/2023 Folleto